Biblioteka Instytutu Północnego w Olsztynie

Widok standardowy Widok MARC

Pozycja Geographic Name

Liczba rekordów, w których użyto hasła: 1

001 - Numer kontrolny

  • control field: 39501

003 - Identyfikator numeru kontrolnego

  • control field: NUKAT

005 - Data i czas ostatniej modyfikacji

  • control field: 20260407113240.0

008 - Dane kontrolne kodowane (40 znaków)

  • fixed length control field: 970102 ||a|znnbabn |a ana |c

010 ## - Numer kontrolny Biblioteki Kongresu

  • numer kontrolny LC: s 97050024

040 ## - Instytucja sporządzająca rekord

  • inst. przygot. dane do rek. khw: KR U/JK
  • język haseł przedmiotowych/tezaurus: kaba
  • inst. wprow. rek. khw: WA U/EP

083 #4 - DEWEY DECIMAL CLASSIFICATION NUMBER

  • pojed. symbol lub pocz. z zakr. symboli: 943.8
  • określenie wyjaśniające: Historia Polski

151 ## - Hasło - nazwa geograficzna

  • nazwa geograficzna: Polska
  • określnik chronologiczny: 1926 (Zamach stanu).

450 ## - Trop zob. - nazwa pospolita

  • nazwa posp. lub nazwa geogr. na pocz.: Przewrót majowy (1926).

450 ## - Trop zob. - nazwa pospolita

  • nazwa posp. lub nazwa geogr. na pocz.: Zamach Piłsudskiego (1926).

451 ## - Trop zob. - nazwa geograficzna

  • nazwa geograficzna: Pologne
  • określnik chronologiczny: 1926 (Coup d'État) [f]

451 ## - Trop zob. - nazwa geograficzna

  • nazwa geograficzna: Poland
  • określnik rzeczowy: History
  • określnik chronologiczny: Coup d'État, 1926 [c]

451 ## - Trop zob. - nazwa geograficzna

  • nazwa geograficzna: Polska
  • określnik rzeczowy: historia
  • określnik chronologiczny: 1926 (Zamach stanu).

550 ## - Trop zob. też - nazwa pospolita

  • podpole kontrolne: g
  • nazwa posp. lub nazwa geogr. na pocz.: Zamachy stanu
  • określnik geograficzny: Polska.

670 ## - Źródło informacji

  • źródło informacji: RAMEAU
Biblioteka Instytutu Północnego, ul. Partyzantów 87, 10-402 Olsztyn, email: biblioteka(at)ip.olsztyn.pl